| 000 | 00633nac a22001811u 4500 | ||
|---|---|---|---|
| 008 | 100906s1997 ii |||||r|||| 00| 0 eng d | ||
| 082 | 0 | 0 |
_a005.133 _bKAR _222 |
| 100 |
_aSiyan, Karanjit S. _918200 |
||
| 245 | 1 | 0 |
_aInside Java / _cKaranjit S. Siyan |
| 260 |
_aIndiana : _bNew Riders ; _c1997. |
||
| 300 |
_a912 p. : _bill. ; _c24 cm. + _e1 computer laser optical disc (4 3/4 in.) |
||
| 500 | _aIncludes index. | ||
| 650 | 0 |
_aJava (Computer program language) _918201 |
|
| 700 | 1 |
_aWeaver, James L. _918202 |
|
| 700 | 1 |
_aMathis, Jim _918203 |
|
| 830 | 0 |
_aJava series (Mountain View, Calif.) _918204 |
|
| 942 |
_cBB _k005.133S6256 _2ddc |
||
| 999 |
_c517 _d517 |
||